| 000 | 00493nam a2200181Ia 4500 | ||
|---|---|---|---|
| 003 | GCL | ||
| 008 | 140319s9999 xx 000 0 ara d | ||
| 040 |
_aGCL / _cGCL |
||
| 082 | 0 | 4 |
_a687.12 _bع ن |
| 100 | 1 | _aعلية عابدين | |
| 245 | 1 | 0 |
_aنظريات الابتكار فى تصميم الازياء / _cعلية عابدين |
| 300 | _a182 ص | ||
| 490 | _a | ||
| 650 | 0 | 4 | _aالابتكار |
| 650 | 0 | 4 | _aالازياء |
| 650 | 0 | 4 | _aتصميم الازياء |
| 942 |
_2ddc _cBK |
||
| 999 |
_c38737 _d38737 |
||